Hablemos de un presupuesto tradicional económico-financiero para la gestión empresaria (Registro nro. 9521)

Detalles MARC
000 -LEADER
fixed length control field 00448 a2200133 4500
001 - CONTROL NUMBER
control field ART_9452
005 - DATE AND TIME OF LATEST TRANSACTION
control field 20260410161559.0
008 - FIXED-LENGTH DATA ELEMENTS--GENERAL INFORMATION
fixed length control field 260409a
100 1# - MAIN ENTRY--PERSONAL NAME
Personal name Giménez, Carlos Manuel
245 10 - TITLE STATEMENT
Title Hablemos de un presupuesto tradicional económico-financiero para la gestión empresaria
700 1# - ADDED ENTRY--PERSONAL NAME
Personal name Macrini, Domingo
700 1# - ADDED ENTRY--PERSONAL NAME
Personal name Miyaji, Ricardo
773 0# - HOST ITEM ENTRY
Title Profesional & Empresaria
Related parts - Año XIII, Nº 156 (sep. 2012)
Record control number REV70

No hay ítems disponibles.